[Event "Krakow op-B 33rd"]
[Site "Krakow"]
[Date "2023.01.02"]
[Round "7"]
[White "Czarnecka, Lidia"]
[Black "Kolasinski, Krzysztof"]
[Result "1/2-1/2"]
[WhiteElo "2018"]
[BlackElo "2091"]
[PlyCount "163"]
[EventDate "2022.12.27"]
[EventType "swiss"]
[EventRounds "9"]
[EventCountry "POL"]
[SourceTitle "CBM 212 Extra"]
[Source "ChessBase"]
[SourceDate "2023.03.31"]
[SourceVersion "1"]
[SourceVersionDate "2023.03.31"]
[SourceQuality "1"]

1. e4 d6 2. d4 g6 3. Nc3 Nf6 4. f4 Bg7 5. Nf3 0-0 6. Bd3 b6 7. 0-0 c5 8. e5 Ne8 9. Be4 Nc7 10. Bxa8 Nxa8 11. dxc5 bxc5 12. Be3 Nb6 13. Re1 Bb7 14. Bf2 Na6 15. Ne4 Qa8 16. Qe2 Nd5 17. Bg3 dxe5 18. Nxe5 Qc8 19. c4 Ndc7 20. Nc3 Ne6 21. Nd5 Re8 22. Nf3 Nb8 23. Ng5 Bxd5 24. cxd5 Nd4 25. Qc4 Nd7 26. Rac1 Nf5 27. Bf2 Bxb2 28. Rb1 Nd6 29. Qc2 Bf6 30. Ne4 Nxe4 31. Rxe4 Qc7 32. Rd1 Qd6 33. Qa4 Rc8 34. Qxa7 Kg7 35. Qb7 Rc7 36. Qb3 Nb6 37. a4 Nd7 38. g3 Rc8 39. a5 Rb8 40. Qa4 Ra8 41. Qb5 Bc3 42. Ra4 Ra6 43. Qb3 Bf6 44. Rc1 Ra8 45. Qc4 Rc8 46. Ra2 Ra8 47. a6 Qb6 48. Kg2 Ra7 49. Bxc5 Nxc5 50. Qxc5 Rxa6 51. Qxb6 Rxb6 52. Rc6 Rb7 53. Rd2 h5 54. h3 h4 55. gxh4 Bxh4 56. Rd3 Bf6 57. Rc2 Ra7 58. Kg3 Rd7 59. Kg4 Ra7 60. h4 Ra1 61. Rh2 Ra4 62. Kf3 Ra6 63. Kg3 Kh6 64. Kg4 Ra4 65. Re2 Ra6 66. Red2 Ra4 67. Kg3 Kh5 68. d6 Bxh4+ 69. Kf3 exd6 70. Rxd6 Ra3+ 71. R6d3 Ra6 72. Rd7 Ra3+ 73. R2d3 Rxd3+ 74. Rxd3 Kh6 75. Ke4 Bf6 76. Rh3+ Kg7 77. Kd5 Bb2 78. Rb3 Ba1 79. Kd6 Kf6 80. Rb5 Bc3 81. Rd5 Bb2 82. Kd7 1/2-1/2

[Event "Krakow op-B 33rd"]
[Site "Krakow"]
[Date "2022.12.30"]
[Round "4"]
[White "Aniskevich, Dmitry Val"]
[Black "Kolasinski, Krzysztof"]
[Result "1/2-1/2"]
[WhiteElo "1853"]
[BlackElo "2091"]
[PlyCount "37"]
[EventDate "2022.12.27"]
[EventType "swiss"]
[EventRounds "9"]
[EventCountry "POL"]
[SourceTitle "CBM 212 Extra"]
[Source "ChessBase"]
[SourceDate "2023.03.31"]
[SourceVersion "1"]
[SourceVersionDate "2023.03.31"]
[SourceQuality "1"]

1. Nf3 Nf6 2. d4 g6 3. c4 Bg7 4. Nc3 0-0 5. e4 d6 6. Be2 e5 7. dxe5 dxe5 8. Qxd8 Rxd8 9. 0-0 Bg4 10. Bg5 Bxf3 11. Bxf3 c6 12. Rad1 Na6 13. Rxd8+ Rxd8 14. Rd1 Rxd1+ 15. Bxd1 Nc5 16. Bf3 Nd3 17. Be2 Nc5 18. Bf3 Nd3 19. Be2 1/2-1/2

[Event "Krakow op-A 32nd"]
[Site "Krakow"]
[Date "2021.12.30"]
[Round "4"]
[White "Kolasinski, Krzysztof"]
[Black "Kacprzak, Karol1111"]
[Result "0-1"]
[WhiteElo "2114"]
[BlackElo "2226"]
[PlyCount "72"]
[EventDate "2021.12.27"]
[EventType "swiss"]
[EventRounds "9"]
[EventCountry "POL"]
[SourceTitle "EXT 2023"]
[Source "ChessBase"]
[SourceDate "2022.10.05"]
[SourceVersion "1"]
[SourceVersionDate "2022.10.05"]
[SourceQuality "1"]

1. d4 Nf6 2. c4 e6 3. Nf3 d5 4. Nc3 dxc4 5. e3 a6 6. a4 c5 7. Bxc4 Nc6 8. 0-0 Be7 9. dxc5 Bxc5 10. Qe2 0-0 11. Rd1 Qc7 12. h3 b6 13. e4 Nd7 14. Kh1 Bb7 15. Bg5 Nde5 16. Nxe5 Nxe5 17. Ba2 Nc6 18. Rac1 h6 19. Bh4 Qf4 20. Bg3 Qg5 21. Qe1 Rad8 22. f4 Qh5 23. Bc4 Nd4 24. Rd3 Nf5 25. Kh2 Rxd3 26. Bxd3 Nxg3 27. Qxg3 Rd8 28. Rd1 Be7 29. e5 Qh4 30. Qe3 Bc5 31. Qd2 Bf2 32. Ne2 Kh8 33. g3 Qh5 34. Ng1 Bxg1+ 35. Rxg1 Qf3 36. Rd1 Rxd3 0-1

[Event "POL-chT 1st League"]
[Site "Szklarska Poreba"]
[Date "2021.09.10"]
[Round "7.8"]
[White "Skurniak, Szymon"]
[Black "Kolasinski, Krzysztof"]
[Result "0-1"]
[WhiteElo "2080"]
[BlackElo "2112"]
[PlyCount "78"]
[EventDate "2021.09.04"]
[EventType "team-swiss"]
[EventRounds "9"]
[EventCountry "POL"]
[SourceTitle "CBM 204 Extra"]
[Source "ChessBase"]
[SourceDate "2021.11.30"]
[SourceVersion "1"]
[SourceVersionDate "2021.11.30"]
[SourceQuality "1"]
[WhiteTeam "Ostrow Wielkopolski"]
[BlackTeam "Wroclaw Polonia"]
[WhiteTeamCountry "POL"]
[BlackTeamCountry "POL"]

1. Nf3 Nf6 2. g3 g6 3. Bg2 Bg7 4. 0-0 0-0 5. c4 d6 6. Nc3 e5 7. Rb1 a5 8. a3 Nc6 9. d3 h6 10. b4 axb4 11. axb4 Be6 12. b5 Ne7 13. Bb2 Qd7 14. Re1 Bh3 15. Bh1 Ng4 16. Qb3 Kh7 17. Ra1 f5 18. Rxa8 Rxa8 19. e3 g5 20. Nd2 c6 21. bxc6 bxc6 22. c5 d5 23. Na4 Qe8 24. Nb6 Rb8 25. f3 Nxh2 26. Kxh2 Qh5 27. Kg1 f4 28. exf4 gxf4 29. Qc2 fxg3 30. Nf1 g2 31. Bxg2 Rg8 32. Ng3 Qh4 33. Bxe5 Bxe5 34. Rxe5 Rxg3 35. Re2 Nf5 36. Nd7 Nd4 37. Nf8+ Kg8 38. Ng6 Rxg6 39. Re8+ Kf7 0-1

[Event "POL-chT 1st League"]
[Site "Szklarska Poreba"]
[Date "2021.09.05"]
[Round "2.10"]
[White "Kolasinski, Krzysztof"]
[Black "Mika, Tomasz1111"]
[Result "0-1"]
[WhiteElo "2112"]
[BlackElo "2137"]
[PlyCount "114"]
[EventDate "2021.09.04"]
[EventType "team-swiss"]
[EventRounds "9"]
[EventCountry "POL"]
[SourceTitle "CBM 204 Extra"]
[Source "ChessBase"]
[SourceDate "2021.11.30"]
[SourceVersion "1"]
[SourceVersionDate "2021.11.30"]
[SourceQuality "1"]
[WhiteTeam "Wroclaw Polonia"]
[BlackTeam "Pilzno GKSz Hetman"]
[WhiteTeamCountry "POL"]
[BlackTeamCountry "POL"]

1. e4 c6 2. d4 d5 3. Nc3 dxe4 4. Nxe4 Bf5 5. Ng3 Bg6 6. h4 h6 7. Nh3 Nf6 8. Nf4 Bh7 9. Bc4 e6 10. Nfh5 Nbd7 11. c3 Nb6 12. Bb3 Nbd5 13. Qf3 Nxh5 14. Nxh5 a5 15. a4 Bg6 16. Bc4 Qc7 17. 0-0 0-0-0 18. Nf4 Bh7 19. Nxd5 exd5 20. Bd3 Bxd3 21. Qxd3 Re8 22. b4 Re4 23. bxa5 Bd6 24. g3 Qxa5 25. Ba3 Bxa3 26. Rxa3 Rhe8 27. Qf3 R8e7 28. Kg2 Qa6 29. Raa1 Kb8 30. a5 Qe2 31. Qf5 Qg4 32. Qxg4 Rxg4 33. Ra2 Rge4 34. Rb1 Re2 35. Ra3 Rc2 36. Kf3 h5 37. Rab3 Ra2 38. Rb6 Ka7 39. R6b2 Rxa5 40. Kf4 Ra3 41. Kg5 Rxc3 42. Kxh5 Rd3 43. Rb4 b5 44. Ra1+ Kb7 45. Rb2 Rxd4 46. f4 Re3 47. Rba2 Ra4 48. Rxa4 bxa4 49. Rxa4 Rxg3 50. f5 c5 51. f6 gxf6 52. Rf4 d4 53. Rxf6 d3 54. Rxf7+ Kc6 55. Rf6+ Kd5 56. Rf8 c4 57. Rc8 Kd4 0-1

[Event "POL-chT 1st League"]
[Site "Szklarska Poreba"]
[Date "2021.09.04"]
[Round "1.9"]
[White "Warchol, Bartosz"]
[Black "Kolasinski, Krzysztof"]
[Result "1/2-1/2"]
[WhiteElo "1897"]
[BlackElo "2112"]
[PlyCount "85"]
[EventDate "2021.09.04"]
[EventType "team-swiss"]
[EventRounds "9"]
[EventCountry "POL"]
[SourceTitle "CBM 204 Extra"]
[Source "ChessBase"]
[SourceDate "2021.11.30"]
[SourceVersion "1"]
[SourceVersionDate "2021.11.30"]
[SourceQuality "1"]
[WhiteTeam "Krakow KKSz"]
[BlackTeam "Wroclaw Polonia"]
[WhiteTeamCountry "POL"]
[BlackTeamCountry "POL"]

1. d4 Nf6 2. c4 c5 3. d5 b5 4. cxb5 a6 5. bxa6 g6 6. Nc3 Bxa6 7. e4 Bxf1 8. Kxf1 d6 9. Nf3 Bg7 10. g3 Nbd7 11. Kg2 0-0 12. Qe2 Qa5 13. Rd1 Rfb8 14. Rb1 Qa6 15. Qc2 Ng4 16. Bd2 Bd4 17. Be1 Nde5 18. Nxe5 Nxe5 19. Ne2 Qxa2 20. Nxd4 cxd4 21. Rxd4 Rc8 22. Qd1 Rc4 23. Bc3 f6 24. Rc1 Qa6 25. b3 Rcc8 26. Ra4 Qb7 27. Rxa8 Rxa8 28. Bxe5 dxe5 29. Qd3 Ra3 30. Rc3 Qb4 31. Qf3 Ra1 32. h4 Re1 33. Re3 Rb1 34. h5 gxh5 35. Qxh5 Qb5 36. Qg4+ Kf8 37. Qc8+ Kg7 38. Qg4+ Kf8 39. Re2 Rc1 40. Qf3 Rb1 41. d6 Qxb3 42. dxe7+ Kxe7 43. Qxb3 1/2-1/2

[Event "Warsaw Przepiorka Memorial"]
[Site "Warsaw"]
[Date "2019.12.29"]
[Round "5"]
[White "Kolasinski, Krzysztof"]
[Black "Mikhaletz, Lubomir"]
[Result "1/2-1/2"]
[WhiteElo "2115"]
[BlackElo "2386"]
[PlyCount "117"]
[EventDate "2019.12.27"]
[EventType "swiss"]
[EventRounds "9"]
[EventCountry "POL"]
[SourceTitle "CBM 194 Extra"]
[Source "ChessBase"]
[SourceDate "2020.03.31"]
[SourceVersion "1"]
[SourceVersionDate "2020.03.31"]
[SourceQuality "1"]

1. d4 d6 2. e4 Nf6 3. Nc3 Nc6 4. Nf3 Bg4 5. Bb5 a6 6. Bxc6+ bxc6 7. h3 Bh5 8. Qd3 e6 9. 0-0 Be7 10. Bg5 0-0 11. e5 Bg6 12. Qe3 Nd5 13. Bxe7 Qxe7 14. Nxd5 cxd5 15. c3 a5 16. b3 Rfc8 17. Rac1 a4 18. c4 dxc4 19. Rxc4 axb3 20. axb3 Rab8 21. Rfc1 Rb7 22. R1c3 d5 23. Rc5 h6 24. Qc1 Kh7 25. Kh2 Be4 26. Nd2 Bf5 27. Nf3 Ra7 28. b4 Rca8 29. b5 Bg6 30. Rxc7 Qb4 31. Rxa7 Rxa7 32. Rc8 Qxb5 33. Qc5 Qxc5 34. dxc5 Bd3 35. c6 Ra4 36. Rc7 Bb5 37. Rxf7 Bxc6 38. Re7 d4 39. Rxe6 Bxf3 40. gxf3 g5 41. Rd6 Ra2 42. Kg3 Re2 43. Rxd4 Rxe5 44. f4 Re1 45. fxg5 hxg5 46. Kg4 Re2 47. Rd7+ Kg6 48. Rd6+ Kg7 49. Rd7+ Kg6 50. Rd6+ Kf7 51. f3 Rg2+ 52. Kf5 Rg3 53. Rd7+ Kf8 54. Rd8+ Kf7 55. Rd7+ Kf8 56. Rd3 Kf7 57. Rd7+ Kf8 58. Rd8+ Kf7 59. Rd7+ 1/2-1/2

[Event "Warsaw Przepiorka Memorial"]
[Site "Warsaw"]
[Date "2019.12.29"]
[Round "6"]
[White "Martins, David Pires Tavares"]
[Black "Kolasinski, Krzysztof"]
[Result "1/2-1/2"]
[WhiteElo "2422"]
[BlackElo "2115"]
[PlyCount "67"]
[EventDate "2019.12.27"]
[EventType "swiss"]
[EventRounds "9"]
[EventCountry "POL"]
[SourceTitle "CBM 194 Extra"]
[Source "ChessBase"]
[SourceDate "2020.03.31"]
[SourceVersion "1"]
[SourceVersionDate "2020.03.31"]
[SourceQuality "1"]

1. Nf3 Nf6 2. g3 g6 3. b3 Bg7 4. Bb2 0-0 5. Bg2 d5 6. c4 c6 7. 0-0 Nbd7 8. Nc3 e5 9. cxd5 cxd5 10. d4 e4 11. Ne5 Re8 12. f3 exf3 13. exf3 Nxe5 14. dxe5 Rxe5 15. f4 Qb6+ 16. Kh1 Rh5 17. Bf3 Bh3 18. Bxh5 gxh5 19. Na4 Qe6 20. Re1 Qf5 21. Rc1 Ne4 22. Qf3 Bg4 23. Qe3 h4 24. Bxg7 Kxg7 25. Nc3 hxg3 26. Nxe4 dxe4 27. Qxg3 Kh8 28. Rc3 Bf3+ 29. Rxf3 exf3 30. Rg1 Qf6 31. Qxf3 Rd8 32. Qxb7 Qxf4 33. Qg2 Qe5 34. Qf3 1/2-1/2

[Event "POL-ch blitz"]
[Site "Szczawno Zdroj"]
[Date "2018.12.16"]
[Round "8"]
[White "Kolasinski, Krzysztof"]
[Black "Piotrowski, Przemyslaw"]
[Result "0-1"]
[WhiteElo "2101"]
[BlackElo "2269"]
[PlyCount "120"]
[EventDate "2018.12.16"]
[EventType "swiss (blitz)"]
[EventRounds "15"]
[EventCountry "POL"]
[SourceTitle "CBM 187 Extra"]
[Source "ChessBase"]
[SourceDate "2018.11.04"]
[SourceVersion "1"]
[SourceVersionDate "2018.11.04"]
[SourceQuality "1"]

1. d4 c6 2. Nf3 g6 3. e4 Bg7 4. c4 d5 5. exd5 cxd5 6. cxd5 Nf6 7. Nc3 0-0 8. Bc4 Nbd7 9. 0-0 Nb6 10. Bb3 Nfxd5 11. h3 h6 12. Re1 Be6 13. Ne4 Nd7 14. Bd2 Rc8 15. Rc1 Qb6 16. Nc5 Nxc5 17. dxc5 Rxc5 18. Rxc5 Qxc5 19. Ne5 Rd8 20. Nxg6 Nc7 21. Bxe6 Nxe6 22. Qe2 Qd6 23. Bc3 Bxc3 24. bxc3 fxg6 25. Qxe6+ Qxe6 26. Rxe6 Kf7 27. Re2 Rd1+ 28. Kh2 Rc1 29. Rb2 b6 30. Rb3 Rc2 31. Ra3 a5 32. Kg3 e6 33. Kf3 Kf6 34. Ke3 h5 35. g3 g5 36. Kd3 Rxf2 37. Rb3 Rxa2 38. Rxb6 Rg2 39. c4 Rxg3+ 40. Kd4 Rxh3 41. c5 Rh1 42. c6 Rc1 43. Kd3 a4 44. Kd2 Rc5 45. Kd3 a3 46. Kd4 a2 47. Ra6 Rxc6 48. Rxa2 Rd6+ 49. Ke4 Rd5 50. Ra8 Re5+ 51. Kf3 Rf5+ 52. Ke4 g4 53. Rh8 Kg5 54. Re8 Rf4+ 55. Ke5 Rf3 56. Rg8+ Kh4 57. Kxe6 Kg3 58. Ke5 h4 59. Ke4 h3 60. Rh8 h2 0-1

[Event "POL-ch blitz"]
[Site "Szczawno Zdroj"]
[Date "2018.12.16"]
[Round "9"]
[White "Kujawski, Adam"]
[Black "Kolasinski, Krzysztof"]
[Result "0-1"]
[WhiteElo "2225"]
[BlackElo "2101"]
[PlyCount "54"]
[EventDate "2018.12.16"]
[EventType "swiss (blitz)"]
[EventRounds "15"]
[EventCountry "POL"]
[SourceTitle "CBM 187 Extra"]
[Source "ChessBase"]
[SourceDate "2018.11.04"]
[SourceVersion "1"]
[SourceVersionDate "2018.11.04"]
[SourceQuality "1"]

1. e4 c5 2. Ne2 Nc6 3. c4 g6 4. d4 cxd4 5. Nxd4 Bg7 6. Be3 Nf6 7. Nc3 0-0 8. Be2 d6 9. Qd2 Bd7 10. Rb1 Nxd4 11. Bxd4 Bc6 12. f3 a5 13. b3 Nd7 14. Bxg7 Kxg7 15. 0-0 Qb6+ 16. Kh1 Qb4 17. Qb2 f6 18. a3 Qb6 19. Nd5 Bxd5 20. exd5 Nc5 21. Rfe1 Rf7 22. Bf1 h5 23. Qd4 Nd7 24. Qxb6 Nxb6 25. h4 Nd7 26. g3 g5 27. Bh3 Ne5 0-1

[Event "POL-ch blitz"]
[Site "Szczawno Zdroj"]
[Date "2018.12.16"]
[Round "14"]
[White "Stachowiak, Kamil"]
[Black "Kolasinski, Krzysztof"]
[Result "1-0"]
[WhiteElo "2427"]
[BlackElo "2101"]
[PlyCount "109"]
[EventDate "2018.12.16"]
[EventType "swiss (blitz)"]
[EventRounds "15"]
[EventCountry "POL"]
[SourceTitle "CBM 187 Extra"]
[Source "ChessBase"]
[SourceDate "2018.11.04"]
[SourceVersion "1"]
[SourceVersionDate "2018.11.04"]
[SourceQuality "1"]

1. d4 Nf6 2. Nf3 c5 3. d5 e6 4. Nc3 exd5 5. Nxd5 Nxd5 6. Qxd5 Nc6 7. c3 d6 8. Bf4 Be6 9. Qd2 d5 10. e3 Be7 11. Bd3 0-0 12. 0-0 Bf6 13. Rfd1 Qe7 14. Qc2 h6 15. Bh7+ Kh8 16. Bf5 Rad8 17. Bxe6 Qxe6 18. Re1 Qe4 19. Qb3 b6 20. Bg3 Rfe8 21. Rad1 Na5 22. Qb5 Re7 23. b4 Qc4 24. Qa4 Bxc3 25. Rf1 Qxb4 26. Qc2 Qe4 27. Qxc3 Nc4 28. Nd2 Nxd2 29. Rxd2 d4 30. exd4 cxd4 31. Qd3 Qd5 32. h3 Red7 33. Rfd1 b5 34. f3 Qg5 35. Bf2 f6 36. Qe4 f5 37. Qe5 Rd5 38. Qe6 R5d6 39. Qb3 a6 40. Rd3 Rg6 41. g3 Qh5 42. Kg2 Rgd6 43. Rxd4 Rxd4 44. Rxd4 Rxd4 45. Bxd4 Qg5 46. Qe3 Qg6 47. Qe5 Kh7 48. h4 h5 49. a3 a5 50. Bc3 b4 51. axb4 axb4 52. Bxb4 Qb6 53. Qxf5+ g6 54. Qf7+ Kh8 55. Bc3+ 1-0

[Event "POL-chT 2nd League"]
[Site "Jastrzebia Gora"]
[Date "2018.09.03"]
[Round "4.4"]
[White "Kolasinski, Krzysztof"]
[Black "Siedlinski, Piotr"]
[Result "1/2-1/2"]
[WhiteElo "2118"]
[BlackElo "2081"]
[PlyCount "66"]
[EventDate "2018.09.01"]
[EventType "team-swiss"]
[EventRounds "9"]
[EventCountry "POL"]
[SourceTitle "CBM 186 Extra"]
[Source "ChessBase"]
[SourceDate "2018.08.24"]
[SourceVersion "1"]
[SourceVersionDate "2018.08.24"]
[SourceQuality "1"]
[WhiteTeam "Wroclaw Polonia"]
[BlackTeam "Jaworzno"]
[WhiteTeamCountry "POL"]
[BlackTeamCountry "POL"]

1. d4 d5 2. c4 e6 3. Nc3 Be7 4. cxd5 exd5 5. Bf4 c6 6. e3 Bf5 7. Bd3 Bxd3 8. Qxd3 Nf6 9. Nf3 Nbd7 10. h3 Bb4 11. 0-0 0-0 12. Ne5 Re8 13. a3 Bxc3 14. bxc3 Nxe5 15. Bxe5 Nd7 16. Bg3 Nb6 17. Rfe1 Qd7 18. e4 dxe4 19. Rxe4 Rxe4 20. Qxe4 Re8 21. Qf3 Nc4 22. a4 h6 23. a5 Qe6 24. Bf4 Qf5 25. a6 Qb5 26. axb7 Qxb7 27. Qg3 Re6 28. Qd3 Nb6 29. c4 Qe7 30. Be3 g5 31. d5 cxd5 32. cxd5 Qd7 33. Bxb6 Rxb6 1/2-1/2

[Event "POL-ch rapid"]
[Site "Zgierz"]
[Date "2018.03.04"]
[Round "6"]
[White "Kolasinski, Krzysztof"]
[Black "Kulon, Klaudia"]
[Result "1-0"]
[WhiteElo "2111"]
[BlackElo "2326"]
[PlyCount "91"]
[EventDate "2018.03.04"]
[EventType "swiss (rapid)"]
[EventRounds "9"]
[EventCountry "POL"]
[SourceTitle "CBM 183 Extra"]
[Source "ChessBase"]
[SourceDate "2018.04.19"]
[SourceVersion "1"]
[SourceVersionDate "2018.04.19"]
[SourceQuality "1"]

1. d4 d5 2. c4 e6 3. Nc3 c6 4. cxd5 exd5 5. Nf3 Bd6 6. Bg5 f6 7. Bh4 Ne7 8. Bg3 Nf5 9. Bxd6 Nxd6 10. e3 Bf5 11. Bd3 Bxd3 12. Qxd3 Nd7 13. 0-0 0-0 14. Nd2 f5 15. a4 Qe7 16. b4 Nb6 17. b5 Nbc4 18. Nxc4 Nxc4 19. bxc6 bxc6 20. Rfb1 Rab8 21. Rxb8 Rxb8 22. Qxf5 Nxe3 23. Qf4 Rb3 24. Qxe3 Qxe3 25. fxe3 Rxc3 26. Kf2 a5 27. Rb1 Rc4 28. Rb6 Kf7 29. Ra6 Rxa4 30. Rxc6 Ra2+ 31. Kf3 a4 32. Rd6 a3 33. Rxd5 Ra1 34. Ra5 a2 35. Ke4 Ke7 36. Kd5 Kd7 37. e4 Ke7 38. Ra7+ Kf6 39. h4 h5 40. e5+ Kf5 41. e6 Kf6 42. Rf7+ Kg6 43. Rf2 Kh6 44. Re2 Rb1 45. Rxa2 Re1 46. Rf2 1-0

[Event "POL-chT rapid"]
[Site "Zgierz"]
[Date "2018.03.03"]
[Round "3.23"]
[White "Kolasinski, Krzysztof"]
[Black "Kopczynski, Michal"]
[Result "0-1"]
[WhiteElo "2111"]
[BlackElo "2225"]
[PlyCount "106"]
[EventDate "2018.03.03"]
[EventType "team-swiss (rapid)"]
[EventRounds "9"]
[EventCountry "POL"]
[SourceTitle "CBM 183 Extra"]
[Source "ChessBase"]
[SourceDate "2018.04.19"]
[SourceVersion "1"]
[SourceVersionDate "2018.04.19"]
[SourceQuality "1"]
[WhiteTeam "Wroclaw Polonia"]
[BlackTeam "Minsk Mazowiecki MTSz"]
[WhiteTeamCountry "POL"]
[BlackTeamCountry "POL"]

1. d4 Nf6 2. c4 g6 3. Nc3 Bg7 4. e4 d6 5. Be2 0-0 6. Bg5 Na6 7. Qd2 c5 8. d5 Nc7 9. Nf3 Bg4 10. 0-0 a6 11. a4 Rb8 12. Ne1 Bxe2 13. Qxe2 Qd7 14. f4 b5 15. axb5 axb5 16. e5 dxe5 17. fxe5 Nfe8 18. Nd3 f6 19. Nxc5 Qc8 20. exf6 exf6 21. Bf4 Nxd5 22. Bxb8 Qxc5+ 23. Kh1 Nxc3 24. bxc3 bxc4 25. Qe6+ Kh8 26. Ba7 Qc7 27. Bd4 Qf7 28. Qxf7 Rxf7 29. Rfe1 Nd6 30. Ra8+ Rf8 31. Rxf8+ Bxf8 32. Bxf6+ Bg7 33. Bxg7+ Kxg7 34. Kg1 Kf6 35. Kf2 Kf5 36. Re7 Ne4+ 37. Ke3 Nxc3 38. Rxh7 Nd5+ 39. Kd4 Nf6 40. Rf7 Ke6 41. Rg7 Kf5 42. Kxc4 Ng4 43. Rf7+ Ke4 44. Re7+ Kf5 45. h3 Ne5+ 46. Kd5 Nd3 47. Kd4 Nf4 48. g4+ Kg5 49. Re3 Kh4 50. Ke5 Nxh3 51. Rxh3+ Kxh3 52. g5 Kh4 53. Kf6 Kh5 0-1

[Event "EU-ch rapid"]
[Site "Katowice"]
[Date "2017.12.16"]
[Round "2"]
[White "Kolasinski, Krzysztof"]
[Black "Miton, Kamil"]
[Result "0-1"]
[WhiteElo "2045"]
[BlackElo "2584"]
[PlyCount "70"]
[EventDate "2017.12.16"]
[EventType "swiss (rapid)"]
[EventRounds "11"]
[EventCountry "POL"]
[SourceTitle "CBM 182 Extra"]
[Source "ChessBase"]
[SourceDate "2018.02.23"]
[SourceVersion "1"]
[SourceVersionDate "2018.02.23"]
[SourceQuality "1"]

1. d4 Nf6 2. c4 Nc6 3. Nc3 e5 4. d5 Ne7 5. h4 d6 6. Bg5 Neg8 7. Qc2 Be7 8. Nf3 Ng4 9. g3 h6 10. Bd2 N8f6 11. e4 0-0 12. Be2 c6 13. Nh2 Nxh2 14. Rxh2 cxd5 15. cxd5 Ng4 16. Rg2 a6 17. a4 Bd7 18. Ra3 Qc7 19. f3 Nf6 20. Qb3 Rfc8 21. a5 Be8 22. Be3 Nd7 23. Qd1 Bd8 24. b4 b6 25. Bd2 bxa5 26. bxa5 Nc5 27. Kf2 Nd3+ 28. Kf1 Nb2 29. Qc2 Nc4 30. Bxc4 Qxc4+ 31. Re2 Rab8 32. Ra1 Rb3 33. Rc1 Bxa5 34. Kf2 Bxc3 35. Re3 Bxd2 0-1

[Event "EU-ch blitz"]
[Site "Katowice"]
[Date "2017.12.15"]
[Round "15"]
[White "Reza, Wojciech"]
[Black "Kolasinski, Krzysztof"]
[Result "1-0"]
[WhiteElo "2283"]
[BlackElo "2045"]
[PlyCount "119"]
[EventDate "2017.12.15"]
[EventType "swiss (blitz)"]
[EventRounds "22"]
[EventCountry "POL"]
[SourceTitle "CBM 182 Extra"]
[Source "ChessBase"]
[SourceDate "2018.02.23"]
[SourceVersion "1"]
[SourceVersionDate "2018.02.23"]
[SourceQuality "1"]

1. c4 e5 2. g3 Nf6 3. Bg2 g6 4. Nc3 Bg7 5. e3 0-0 6. Nge2 c6 7. d4 exd4 8. Nxd4 d5 9. cxd5 Nxd5 10. Nxd5 cxd5 11. 0-0 Nc6 12. Nxc6 bxc6 13. Qc2 Qb6 14. e4 Be6 15. Rb1 dxe4 16. Be3 Qb5 17. Bxe4 Bd5 18. b3 Rfe8 19. Bg2 a5 20. Rfd1 a4 21. b4 a3 22. Bxd5 cxd5 23. Qd3 Qxd3 24. Rxd3 Red8 25. Bc5 Bb2 26. Rbd1 Rab8 27. Rxd5 Rxd5 28. Rxd5 Bc3 29. Rd3 Bb2 30. Kf1 h5 31. Ke2 Re8+ 32. Kd1 Kg7 33. Bd4+ Bxd4 34. Rxd4 Kf6 35. Rd3 Rb8 36. Rb3 Ke5 37. Ke2 Kd4 38. Rxa3 Rxb4 39. Ra7 f5 40. Ra6 g5 41. Ra5 Ke4 42. f3+ Kd4 43. Rxf5 Rb2+ 44. Kf1 g4 45. fxg4 hxg4 46. Rf4+ Ke3 47. Kg1 Rb1+ 48. Rf1 Rb2 49. Ra1 Rb5 50. a4 Ra5 51. Kg2 Ke2 52. Ra3 Rf5 53. Ra2+ Ke1 54. a5 Rf8 55. a6 Ra8 56. a7 Kd1 57. h4 gxh3+ 58. Kxh3 Kc1 59. g4 Kb1 60. Ra6 1-0